|
|
|
|
| LEADER |
00000cam a2200000 a 4500 |
| 001 |
vtls001091948 |
| 003 |
SK-MaSNL |
| 005 |
20260301111303.0 |
| 008 |
240517s1983 xo frnp 00000 slo |
| 015 |
|
|
|a SNBA1983/05
|
| 020 |
|
|
|q (brožované)
|
| 035 |
|
|
|a SNK000034790
|
| 040 |
|
|
|a SNK
|b slo
|c SNK
|e AACR2
|
| 041 |
0 |
|
|a slo
|
| 044 |
|
|
|a xo
|c SK
|
| 080 |
|
|
|a 211.2+291/295(075.8)
|2 1981
|
| 080 |
|
|
|a 291/295(075.8)
|2 1981
|
| 100 |
1 |
|
|a Kišiday, František Alexander,
|d 1940-1987
|4 aut
|9 155967
|
| 245 |
1 |
0 |
|a Náboženstvo
|b stručný úvod do náboženskej teórie
|c F.A. Kišiday
|
| 250 |
|
|
|a 1. vyd.
|
| 260 |
|
|
|a Bratislava
|b Cirkevné nakladateľstvo
|c 1983
|
| 300 |
|
|
|a 179 strán
|c 30 cm
|
| 490 |
1 |
|
|a Vysokoškolské učebné texty
|
| 504 |
|
|
|a Obsahuje bibliografiu
|
| 650 |
0 |
7 |
|a náboženstvo
|2 SNKPH
|9 2023
|
| 650 |
0 |
7 |
|a teória náboženstva
|2 SNKPH
|9 84775
|
| 650 |
0 |
7 |
|a mimokresťanské náboženstvá
|2 SNKPH
|9 1815
|
| 655 |
|
7 |
|a učebnice vysokých škôl
|2 SNKPH
|9 70191
|
| 830 |
|
0 |
|a Vysokoškolské učebné texty
|9 276539
|
| 852 |
|
|
|a Slovenská národná knižnica
|
| 954 |
|
|
|a odborná, vedecká literatúra pôvodná (slovenská)
|2 lita
|
| 954 |
|
|
|a duchovná literatúra pôvodná (slovenská)
|2 lita
|
| 958 |
|
|
|a RK
|
| 958 |
|
|
|a TL
|
| 958 |
|
|
|a NB
|
| 958 |
|
|
|a NT
|
| 958 |
|
|
|a OND
|
| 958 |
|
|
|a UV
|
| 999 |
|
|
|c 706331
|d 708261
|
| 952 |
|
|
|a SNK
|b SNK
|y PREZ
|7 0
|p 17A0776246
|o snkSB 36285
|0 0
|1 0
|4 0
|d 2012-03-26
|l 0
|r 2025-04-14 00:00:00
|w 2026-02-23
|
| 952 |
|
|
|a SNK
|b SNK
|y VYP
|7 0
|p 17A0117822
|o snkSB 36285 D1
|i snkKSP 6069/83
|0 0
|1 0
|4 0
|d 1998-01-15
|l 0
|r 2005-01-02 00:00:00
|w 2026-02-23
|